000 00565nam a2200193Ia 4500
003 GCL
008 140319s9999 xx 000 0 ara d
040 _aGCL /
_cGCL
082 0 4 _a883
_bهـ ا
100 1 _aامين سلامة
245 1 0 _aاوديسة هوميروس: (الترجمة الكاملة فى الاصل اليونانى المقارن) /
_cامين سلامة
700 1 _aهوميروس
300 _a309 ص
490 _a
650 0 4 _aالادب اليونانى
650 0 4 _aالادب
650 0 4 _aالالياذة
942 _2ddc
_cBK
999 _c39755
_d39755